000 01566nam a2200349 a 4500
003 EG-GiCUC
005 20250223025948.0
008 091110s2009 ua d f m 000 0 eng d
040 _aEG-GiCUC
_beng
_cEG-GiCUC
041 0 _aeng
049 _aDeposite
097 _aM.Sc
099 _aCai01.12.08.M.Sc.2009.Sa.S
100 0 _aSamah Hussein Mahmoud Mahmoud
245 1 0 _aSpectrophotometric determination of some antibiotic drugs /
_cSamah Hussein Mahmoud Mahmoud ; Supervised Gehad G. Mohamed , Shaban M. Khalil
246 1 5 _aالتقدير الطيفى لبعض المضادات الحيوية
260 _aCairo :
_bSamah Hussein Mahmoud Mahmoud ,
_c2009
300 _a110Leaves :
_bcharts ;
_c30cm
502 _aThesis (M.Sc.) - Cairo University - Faculty of Science - Department of Analytical Chemistry
520 _aThis work has been carried out to investigate some antibiotic druge in pure and phaemaceutical preparation using new spectrophotometric procedure . This is carried out on the various reactions of these drugs through the charge transfer complex formation reaction using (DDQ) and (TCNQ) reagents and ion-pair formation reaction using Mo (V) -thiocyanate reagent
530 _aIssued also as CD
653 4 _aLevofloxacin
653 4 _aOfloxacin
653 4 _aSparfloxacin
700 0 _aGehad G. Mohamed ,
_eSupervisor
700 0 _aShaban Mohamed Khalil ,
_eSupervisor
856 _uhttp://172.23.153.220/th.pdf
902 _a1
905 _aFatma
_eCataloger
905 _aNazla
_eRevisor
942 _2ddc
_cTH
999 _c24464
_d24464